Statistiques concernant WWE : Les challengers ( Masculins )

Cliquez ici pour prendre le quiz!

Statistiques générales

  • Ce quiz a été pris 663 fois
  • Le résultat moyen est 33 sur 79

Statistiques - réponses

Réponse% Correct
Triple H
93%
John Cena
91%
Big E
88%
Booker T
87%
Randy Orton
87%
Roman Reigns
83%
The Undertaker
83%
Seth Rollins
81%
Rey Mysterio
76%
Edge
74%
Kane
73%
Brock Lesnar
71%
Kofi Kingston
71%
The Miz
69%
Dean Ambrose
68%
The Rock
67%
Big Show
66%
Batista
64%
Shawn Michaels
63%
CM Punk
62%
Hulk Hogan
59%
Sheamus
59%
A.J Styles
57%
Jeff Hardy
53%
Bray Wyatt
52%
Chris Jericho
49%
Daniel Bryan
49%
Dolph Ziggler
49%
Jay Uso
49%
Kevin Owens
49%
Alberto Del Rio
48%
Drew McIntyre
48%
Matt Hardy
48%
Cody Rhodes
46%
Jimmy Uso
46%
Mark Henry
44%
Ric Flair
44%
Xavier Woods
44%
Finn Bàlor
43%
Bobby Lashley
42%
Braun Strowman
42%
Stone Cold
42%
Sami Zayn
38%
Goldberg
36%
André the giant
33%
Eddie Guerrero
32%
Shinsuke Nakamura
32%
The Great Khali
31%
Cesaro
30%
Chris Benoit
30%
Jinder Mahal
30%
Kurt Angle
30%
Luke Harper
30%
Shane McMahon
28%
Vince McMahon
27%
Umaga
26%
R-Truth
25%
Wade Barrett
25%
Erick Rowan
24%
JBL
23%
Randy Savage
23%
Baron Corbin
22%
Ultimate Warrior
22%
Golddust
17%
Russev
17%
Shelton Benjamin
17%
Sin Cara
17%
Otis
14%
Sting
14%
Kalisto
13%
Mike Foley
13%
Samoa Joe
13%
Carlito
12%
William Regal
7%
The Fiend
6%
Jake "The Snake" Roberts
3%
Primo
3%
Epico
2%
Abdullah The Butcher
0%

Distribution des résultats

Percentile par nombre de réponses

% des personnes avec chaque résultat

Votre développement - résultats

Vous n’avez pas pris ce quiz